| 000 | 00367nam a22001337a 4500 | ||
|---|---|---|---|
| 005 | 20140505174709.0 | ||
| 008 | 140505b xxu||||| |||| 00| 0 eng d | ||
| 050 |
_aNA1088.M65 _bB55 |
||
| 100 |
_aBlake, Peter _910085 |
||
| 245 |
_aMies van der Rohe _cBlake, Peter |
||
| 260 |
_aVictoria _bPenguin Books _c1960 |
||
| 300 |
_a124p.; _c20cm. |
||
| 942 |
_2lcc _cMONOGRAPH |
||
| 999 |
_c120465 _d120465 |
||